<?xml version="1.0" encoding="UTF-8"?><?xml-stylesheet type="text/xsl" href="static/style.xsl"?><OAI-PMH xmlns="http://www.openarchives.org/OAI/2.0/" xmlns:xsi="http://www.w3.org/2001/XMLSchema-instance" xsi:schemaLocation="http://www.openarchives.org/OAI/2.0/ http://www.openarchives.org/OAI/2.0/OAI-PMH.xsd"><responseDate>2026-04-14T21:04:41Z</responseDate><request verb="GetRecord" identifier="oai:uvadoc.uva.es:10324/36035" metadataPrefix="marc">https://uvadoc.uva.es/oai/request</request><GetRecord><record><header><identifier>oai:uvadoc.uva.es:10324/36035</identifier><datestamp>2021-06-29T23:40:22Z</datestamp><setSpec>com_10324_38</setSpec><setSpec>col_10324_852</setSpec></header><metadata><record xmlns="http://www.loc.gov/MARC21/slim" xmlns:doc="http://www.lyncode.com/xoai" xmlns:xsi="http://www.w3.org/2001/XMLSchema-instance" xmlns:dcterms="http://purl.org/dc/terms/" xsi:schemaLocation="http://www.loc.gov/MARC21/slim http://www.loc.gov/standards/marcxml/schema/MARC21slim.xsd">
<leader>00925njm 22002777a 4500</leader>
<datafield tag="042" ind1=" " ind2=" ">
<subfield code="a">dc</subfield>
</datafield>
<datafield tag="720" ind1=" " ind2=" ">
<subfield code="a">Martín Arranz, Óscar</subfield>
<subfield code="e">author</subfield>
</datafield>
<datafield tag="260" ind1=" " ind2=" ">
<subfield code="c">2019</subfield>
</datafield>
<datafield tag="520" ind1=" " ind2=" ">
<subfield code="a">El presente trabajo de fin de grado consiste en una propuesta de intervención educativa en forma de unidad didáctica, la cual se pondrá en práctica en un centro rural de Educación Primaria de la provincia de Segovia, con alumnos de dos clases diferentes de 6º. &#xd;
El principal objetivo de este trabajo es dar a conocer los deportes alternativos, a través de la práctica del tchoukball, usando una metodología comprensiva. Este deporte se caracteriza por el compañerismo, la integración y la participación de todos. Con este proyecto concluimos que el deporte, sea o no alternativo, es significativamente educativo si se aplica de la manera adecuada, a través de una metodología que favorezca la participación, como la comprensiva.</subfield>
</datafield>
<datafield tag="024" ind2=" " ind1="8">
<subfield code="a">http://uvadoc.uva.es/handle/10324/36035</subfield>
</datafield>
<datafield ind1=" " ind2=" " tag="653">
<subfield code="a">Escuelas rurales</subfield>
</datafield>
<datafield ind1=" " ind2=" " tag="653">
<subfield code="a">Educación física-Estudio y enseñanza</subfield>
</datafield>
<datafield ind1=" " ind2=" " tag="653">
<subfield code="a">Enseñanza-Metodología</subfield>
</datafield>
<datafield tag="245" ind1="0" ind2="0">
<subfield code="a">Tchoukball desde la metodología comprensiva</subfield>
</datafield>
</record></metadata></record></GetRecord></OAI-PMH>